Litigación en materia de consumidores: dogmática y práctica en la reforma de fortalecimiento al SERNAC
Saved in:
| Main Authors: | , , |
|---|---|
| Format: | Bog |
| Sprog: | spansk |
| Udgivet: |
Santiago
Legal Publishing
2019
|
| Udgivelse: | 1a. ed |
| Fag: | |
| Tags: |
Tilføj Tag
Ingen Tags, Vær først til at tagge denne postø!
|
MARC
| LEADER | 00000cam a2200000 a 4500 | ||
|---|---|---|---|
| 001 | UCC9290 | ||
| 003 | CL-VaPUC | ||
| 008 | 190914e20190000cl |||||||||||||||||spa|d | ||
| 020 | |a 9789564000589 | ||
| 082 | 0 | 4 | |a 346.83022 |b CON |2 21 |
| 100 | 0 | |a Contardo González, Juan Ignacio |e author |9 337 | |
| 700 | 0 | |a Fernández Ortega, Felipe |e author |9 604267 | |
| 700 | 0 | |a Fuentes Maureira, Claudio |e author |9 604268 | |
| 245 | 1 | 0 | |a Litigación en materia de consumidores: dogmática y práctica en la reforma de fortalecimiento al SERNAC |
| 250 | |a 1a. ed | ||
| 300 | |a 383 p | ||
| 942 | |c BK | ||
| 945 | |d 20190914 23:07:00 |a dcastane | ||
| 260 | |a Santiago |b Legal Publishing |c 2019 | ||
| 650 | 7 | |a INDEMNIZACION DE PERJUICIOS |2 CL-VaPUC |9 357521 | |
| 650 | 7 | |a DERECHO DEL CONSUMIDOR |2 CL-VaPUC |9 474425 | |
| 650 | 0 | |a Protección del consumidor |9 474424 | |
| 583 | |a last modification |c 20190914 23:07:00 |k Rodrigo Vera | ||
| 999 | |c 375476 |d 375474 | ||
| 952 | |0 0 |1 0 |3 erb |4 0 |6 346_830220000000000_CON_2019 |7 0 |8 A |9 494463 |a BIBDER |b BIBDER |i 560169K |l 2 |o 346.83022 CON 2019 |p 560169K |r 2024-09-24 |s 2024-09-16 |w 2019-11-24 |y BK |z Catalogado en:20190914 |k DER | ||